[Event "GER-chT U12"]
[Site "Magdeburg"]
[Date "2023.12.30"]
[Round "7.2"]
[White "Thoms, Eric"]
[Black "Mueller, Anker"]
[Result "1/2-1/2"]
[WhiteElo "1297"]
[BlackElo "1548"]
[PlyCount "66"]
[EventDate "2023.12.26"]
[EventType "team-swiss"]
[EventRounds "7"]
[EventCountry "GER"]
[SourceTitle "CBM 218 Extra"]
[Source "ChessBase"]
[SourceDate "2024.03.31"]
[SourceVersion "1"]
[SourceVersionDate "2024.03.31"]
[SourceQuality "1"]
[WhiteTeam "Dresden Striesen"]
[BlackTeam "Berlin Empor"]
[WhiteTeamCountry "GER"]
[BlackTeamCountry "GER"]

1. e4 c6 2. d4 d5 3. exd5 cxd5 4. Bd3 Nc6 5. c3 Nf6 6. h3 g6 7. Nf3 Bf5 8. Bxf5 gxf5 9. Bf4 Qb6 10. Qb3 Qxb3 11. axb3 e6 12. Nbd2 Rg8 13. 0-0 Nh5 14. Bh2 Bh6 15. Rfe1 0-0-0 16. Nf1 Bf4 17. Bxf4 Nxf4 18. Ng3 h5 19. Kh1 Nxg2 20. Kxg2 f4 21. Kh2 fxg3+ 22. fxg3 Rg7 23. Ne5 Nxe5 24. Rxe5 Rdg8 25. Re3 h4 26. g4 a6 27. Rf1 f5 28. Rxe6 fxg4 29. hxg4 Rxg4 30. Rf2 Kd7 31. Ref6 R8g7 32. Rf7+ Rxf7 33. Rxf7+ Kc6 1/2-1/2

[Event "GER-chT U12"]
[Site "Magdeburg"]
[Date "2023.12.27"]
[Round "2.5"]
[White "Meijers, Janis1"]
[Black "Thoms, Eric"]
[Result "0-1"]
[WhiteElo "1418"]
[BlackElo "1297"]
[PlyCount "126"]
[EventDate "2023.12.26"]
[EventType "team-swiss"]
[EventRounds "7"]
[EventCountry "GER"]
[SourceTitle "CBM 218 Extra"]
[Source "ChessBase"]
[SourceDate "2024.03.31"]
[SourceVersion "1"]
[SourceVersionDate "2024.03.31"]
[SourceQuality "1"]
[WhiteTeam "Solingen"]
[BlackTeam "Dresden Striesen"]
[WhiteTeamCountry "GER"]
[BlackTeamCountry "GER"]

1. d4 d5 2. c4 e6 3. Nc3 Nf6 4. cxd5 exd5 5. Bg5 Nbd7 6. Nxd5 Nxd5 7. Bxd8 Bb4+ 8. Qd2 Bxd2+ 9. Kxd2 Kxd8 10. e4 N5b6 11. Nf3 Nf6 12. Bd3 Bd7 13. Ne5 Ke7 14. Nxd7 Kxd7 15. Rac1 Rad8 16. d5 Kc8 17. f3 Kb8 18. Rc2 Rd7 19. Rhc1 Rhd8 20. Ke2 a6 21. b3 Ne8 22. a4 f5 23. a5 fxe4 24. fxe4 Nc8 25. b4 Re7 26. Kf3 Ncd6 27. Re2 Nf7 28. Kf2 Ne5 29. Bb1 Nd6 30. Rce1 Nb5 31. h3 Nc3 32. Rc2 Nxb1 33. Rxb1 Rf8+ 34. Ke3 Nd7 35. b5 axb5 36. Rxb5 Rfe8 37. Rcb2 Rxe4+ 38. Kf3 b6 39. d6 c6 40. R5b3 b5 41. Rc2 Ra4 42. Kg3 Kb7 43. Rbc3 c5 44. Rxc5 Nxc5 45. Rxc5 Rxa5 46. Rc7+ Kb6 47. Rxg7 Rd8 48. Rxh7 Rxd6 49. Rh4 Rg6+ 50. Kf3 Ra3+ 51. Kf2 Ra2+ 52. Kf3 Raxg2 53. Rg4 R2xg4 54. hxg4 b4 55. Kf4 b3 56. Kf5 Rg8 57. g5 b2 58. Kf6 b1Q 59. Ke5 Rxg5+ 60. Kf4 Qf5+ 61. Ke3 Rg3+ 62. Ke2 Qd3+ 63. Kf2 Re3 0-1

[Event "GER-ch U10"]
[Site "Willingen"]
[Date "2022.06.07"]
[Round "5"]
[White "Rau, Eduard"]
[Black "Thoms, Eric"]
[Result "1-0"]
[WhiteElo "1406"]
[BlackElo "1219"]
[PlyCount "77"]
[EventDate "2022.06.04"]
[EventType "swiss"]
[EventRounds "11"]
[EventCountry "GER"]
[SourceTitle "CBM 208 Extra"]
[Source "ChessBase"]
[SourceDate "2022.07.31"]
[SourceVersion "1"]
[SourceVersionDate "2022.07.31"]
[SourceQuality "1"]

1. e4 e5 2. Nf3 Nc6 3. Bb5 a6 4. Ba4 Nf6 5. d3 Bc5 6. 0-0 b5 7. Bb3 d6 8. c3 h6 9. Re1 0-0 10. Nbd2 Bb6 11. h3 Ne7 12. Nf1 Ng6 13. Ne3 Nf4 14. Nf5 Bxf5 15. exf5 Qd7 16. Bxf4 exf4 17. Nh4 d5 18. Qf3 Qd6 19. d4 c6 20. Re5 Bc7 21. Rae1 Ne4 22. Ng6 fxg6 23. Qxe4 Qf6 24. Re6 Qxf5 25. Qxf5 Rxf5 26. Rxc6 Bd8 27. Rd6 Kh7 28. Re8 Bc7 29. Rxa8 Bxd6 30. Rxa6 Bc7 31. Rc6 Rf7 32. Bxd5 Re7 33. Kf1 Rd7 34. Be4 Bd6 35. f3 h5 36. Bd3 Kh6 37. Kf2 g5 38. Bxb5 g6 39. a4 1-0

[Event "GER-ch U10"]
[Site "Willingen"]
[Date "2022.06.06"]
[Round "4"]
[White "Thoms, Eric"]
[Black "Vu, Khoi Nguyen"]
[Result "1-0"]
[WhiteElo "1219"]
[BlackElo "1627"]
[PlyCount "55"]
[EventDate "2022.06.04"]
[EventType "swiss"]
[EventRounds "11"]
[EventCountry "GER"]
[SourceTitle "CBM 208 Extra"]
[Source "ChessBase"]
[SourceDate "2022.07.31"]
[SourceVersion "1"]
[SourceVersionDate "2022.07.31"]
[SourceQuality "1"]

1. e4 e5 2. Nf3 Nc6 3. Bc4 Bc5 4. c3 Nf6 5. d4 exd4 6. 0-0 d5 7. exd5 Nxd5 8. Qb3 Be6 9. Qxb7 Nde7 10. Bxe6 fxe6 11. Bg5 Rb8 12. Qxc6+ Nxc6 13. Bxd8 Rxd8 14. Re1 Rd6 15. Nbd2 dxc3 16. Ne4 Rd5 17. Nxc3 Rf5 18. Rxe6+ Kd7 19. Re2 Rhf8 20. Rd1+ Kc8 21. Rd5 Rxd5 22. Nxd5 Rd8 23. Ne3 Nd4 24. Nxd4 Bxd4 25. g3 Re8 26. Kg2 Kb7 27. h4 Kb6 28. Nd5+ 1-0

[Event "GER-ch U10"]
[Site "Willingen"]
[Date "2022.06.05"]
[Round "1"]
[White "Junge, Mattheo Gabriel"]
[Black "Thoms, Eric"]
[Result "1-0"]
[WhiteElo "1132"]
[BlackElo "1219"]
[PlyCount "105"]
[EventDate "2022.06.04"]
[EventType "swiss"]
[EventRounds "11"]
[EventCountry "GER"]
[SourceTitle "CBM 208 Extra"]
[Source "ChessBase"]
[SourceDate "2022.07.31"]
[SourceVersion "1"]
[SourceVersionDate "2022.07.31"]
[SourceQuality "1"]

1. e4 e5 2. Nf3 Nc6 3. Bc4 Nf6 4. Ng5 d5 5. exd5 Na5 6. Bb5+ c6 7. dxc6 bxc6 8. Qf3 Bb7 9. Ba4 Qd4 10. Bb3 Nxb3 11. Qxb3 Qd7 12. 0-0 Bd6 13. d4 0-0 14. Be3 Rab8 15. Qd3 e4 16. Nxe4 Nxe4 17. Qxe4 c5 18. Qh4 Be7 19. Qh3 Qxh3 20. gxh3 Bf6 21. c3 cxd4 22. Bxd4 Bxd4 23. cxd4 Bc8 24. b3 Bxh3 25. Rd1 Rfd8 26. Na3 Rb6 27. Rd3 Bf5 28. Re3 h6 29. Rd1 Bg4 30. f3 Bf5 31. Nc4 Rg6+ 32. Kh1 Be6 33. Red3 Bd5 34. Ne5 Re6 35. R1d2 Bb7 36. Nc4 Rg6 37. d5 Rg5 38. Ne3 Kf8 39. Rd4 Re5 40. R2d3 Rd7 41. Kg2 Ba6 42. Rc3 Bb7 43. Re4 Rxe4 44. fxe4 g6 45. Ng4 Kg7 46. Kf3 f5 47. Ne3 fxe4+ 48. Kxe4 Kf7 49. Rd3 Re7+ 50. Kd4 h5 51. Nc4 Rd7 52. Ne5+ Ke7 53. Nxd7 1-0